000 00340nam a2200133Ia 4500
008 150201s2010 xx 000 0 und d
082 _a610
_bA10S
100 _aSHUKLA, SAUMYA
245 2 _aA CROSS - A COMPLETE REVIW OF SHORT SUBJECTS
260 _bJAYPEE
_aDELHI
_c2010
300 _a1-1000
650 _aGENERAL MEDICINE
942 _2ddc
_cBK
999 _c1841
_d1841